[Event "Winnipeg TNT August op"]
[Site "Winnipeg"]
[Date "2012.08.21"]
[Round "3"]
[White "Oberton, Daniel"]
[Black "Czarny, Keith"]
[Result "1-0"]
[WhiteElo "1979"]
[BlackElo "1676"]
[PlyCount "81"]
[EventDate "2012.08.07"]
[EventType "swiss"]
[EventRounds "4"]
[EventCountry "CAN"]
[SourceTitle "EXT 2022"]
[Source "ChessBase"]
[SourceDate "2021.10.06"]
[SourceVersion "1"]
[SourceVersionDate "2021.10.06"]
[SourceQuality "1"]

1. e4 e6 2. d4 d5 3. exd5 exd5 4. c4 Nf6 5. Nc3 c6 6. Bd3 dxc4 7. Bxc4 b5 8. Bb3 Qe7+ 9. Nge2 Ba6 10. a3 g6 11. 0-0 Bg7 12. Re1 0-0 13. Bg5 Qd6 14. Bf4 Qd7 15. Be5 Bb7 16. Nf4 a5 17. Nd3 Na6 18. Qc2 Qf5 19. Ne2 a4 20. Ba2 c5 21. Ng3 Qc8 22. dxc5 Qc6 23. f3 Nd5 24. Bxg7 Kxg7 25. Ne4 f5 26. Nd6 Rf6 27. Bxd5 Qxd5 28. Ne8+ Rxe8 29. Rxe8 Bc6 30. Re7+ Rf7 31. Qc3+ Kg8 32. Rae1 b4 33. Nxb4 Nxb4 34. Qxb4 Rf8 35. Qc3 Rf7 36. Rxf7 Kxf7 37. Qe5 Qd2 38. Qe7+ Kg8 39. Qe6+ Kf8 40. Qd6+ Kg7 41. Qxd2 1-0

[Event "Winnipeg TNT January op"]
[Site "Winnipeg"]
[Date "2011.01.11"]
[Round "2"]
[White "Oberton, Daniel"]
[Black "Wolchock, Theo"]
[Result "1-0"]
[WhiteElo "1981"]
[BlackElo "1562"]
[PlyCount "41"]
[EventDate "2011.01.04"]
[EventType "swiss"]
[EventRounds "4"]
[EventCountry "CAN"]
[SourceTitle "EXT 2022"]
[Source "ChessBase"]
[SourceDate "2021.10.06"]
[SourceVersion "1"]
[SourceVersionDate "2021.10.06"]
[SourceQuality "1"]

1. e4 c5 2. Nf3 Nc6 3. d4 cxd4 4. c3 dxc3 5. Nxc3 g6 6. Bc4 Bg7 7. 0-0 Qc7 8. Nd5 Qd8 9. Qe2 e6 10. Nc3 Qc7 11. Nb5 Qb8 12. Rd1 Bf8 13. e5 a6 14. Nd6+ Bxd6 15. Rxd6 Nge7 16. Bg5 Nf5 17. Rd2 b5 18. Bd3 Ncd4 19. Nxd4 Nxd4 20. Qe3 Qb6 21. Be4 1-0

[Event "Winnipeg TNT July op"]
[Site "Winnipeg"]
[Date "2009.07.28"]
[Round "4"]
[White "Oberton, Daniel"]
[Black "Bince, Rolando"]
[Result "0-1"]
[WhiteElo "2011"]
[BlackElo "2043"]
[PlyCount "64"]
[EventDate "2009.07.07"]
[EventType "swiss"]
[EventRounds "4"]
[EventCountry "CAN"]
[SourceTitle "EXT 2011"]
[Source "ChessBase"]
[SourceDate "2010.11.26"]
[SourceVersion "1"]
[SourceVersionDate "2010.11.26"]
[SourceQuality "1"]

1. e4 c5 2. Nf3 d6 3. d4 cxd4 4. Nxd4 Nf6 5. Nc3 a6 6. Be2 g6 7. g4 Bg7 8. Be3 b5 9. a3 Bb7 10. f3 h5 11. g5 Nfd7 12. Qd2 Ne5 13. f4 Nc4 14. Bxc4 bxc4 15. Rf1 Nd7 16. f5 0-0 17. fxg6 fxg6 18. Ne6 Rxf1+ 19. Kxf1 Qa5 20. Nxg7 Kxg7 21. Qd4+ Ne5 22. Kg2 Rf8 23. Ne2 Qc7 24. Bf4 Kg8 25. Bxe5 dxe5 26. Qe3 Qc6 27. Nc3 Qe6 28. h3 Rf4 29. Kh2 Qf7 30. Rg1 Rf3 31. Qe1 Qf4+ 32. Kg2 Rxc3 0-1

[Event "Winnipeg TNT February op"]
[Site "Winnipeg"]
[Date "2009.02.24"]
[Round "4"]
[White "Kernetsky, Myron"]
[Black "Oberton, Daniel"]
[Result "0-1"]
[WhiteElo "1960"]
[BlackElo "2002"]
[PlyCount "80"]
[EventDate "2009.02.03"]
[EventType "swiss"]
[EventRounds "4"]
[EventCountry "CAN"]
[SourceTitle "EXT 2011"]
[Source "ChessBase"]
[SourceDate "2010.11.26"]
[SourceVersion "1"]
[SourceVersionDate "2010.11.26"]
[SourceQuality "1"]

1. d4 Nf6 2. c4 g6 3. Nc3 Bg7 4. e4 d6 5. Nf3 0-0 6. h3 Nbd7 7. Bg5 h6 8. Be3 c6 9. Be2 Qc7 10. 0-0 e5 11. d5 Ne8 12. Qd2 Kh7 13. Bd3 f5 14. exf5 gxf5 15. Bc2 e4 16. Nd4 Ne5 17. b3 Qe7 18. f3 c5 19. Ne6 Bxe6 20. dxe6 exf3 21. gxf3 Qxe6 22. Rae1 Qg6+ 23. Kh2 Qh5 24. Qf2 Nxc4 25. bxc4 Bxc3 26. Rd1 Nf6 27. Bf4 Bd4 28. Rxd4 cxd4 29. Qxd4 Rae8 30. Bd3 Rd8 31. Qxa7 Rd7 32. Qa5 d5 33. Qb4 Ra8 34. Qb1 Re7 35. Bxf5+ Kh8 36. Bd3 dxc4 37. Bxc4 Qc5 38. Qg6 Qxc4 39. Qxf6+ Rg7 40. Rg1 Qe2+ 0-1

[Event "Yanofsky Memorial op"]
[Site "Winnipeg"]
[Date "2008.08.30"]
[Round "3"]
[White "Oberton, Daniel"]
[Black "Melamedoff, Gustavo"]
[Result "1-0"]
[WhiteElo "1946"]
[BlackElo "2042"]
[PlyCount "57"]
[EventDate "2008.08.29"]
[EventType "swiss"]
[EventRounds "5"]
[EventCountry "CAN"]
[SourceTitle "EXT 2011"]
[Source "ChessBase"]
[SourceDate "2010.11.26"]
[SourceVersion "1"]
[SourceVersionDate "2010.11.26"]
[SourceQuality "1"]

1. e4 c6 2. d4 d5 3. exd5 cxd5 4. c4 Nf6 5. Nc3 g6 6. Nf3 Bg7 7. Bf4 0-0 8. Bd3 Nc6 9. h3 Nb4 10. Be2 dxc4 11. Bxc4 Nbd5 12. Be5 b6 13. Nxd5 Nxd5 14. Bxg7 Kxg7 15. 0-0 Bb7 16. Qb3 e6 17. Rac1 Qf6 18. Ne5 Rfd8 19. Rfd1 Nf4 20. Bf1 Rac8 21. Rc3 Rxc3 22. bxc3 Qg5 23. g3 f6 24. Ng4 h5 25. gxf4 Qxf4 26. Ne3 Rd5 27. Nxd5 Bxd5 28. c4 Bf3 29. Bg2 1-0

[Event "Yanofsky Memorial op"]
[Site "Winnipeg"]
[Date "2008.08.29"]
[Round "1"]
[White "Oberton, Daniel"]
[Black "Green, Jim"]
[Result "1-0"]
[WhiteElo "1946"]
[BlackElo "1702"]
[PlyCount "59"]
[EventDate "2008.08.29"]
[EventType "swiss"]
[EventRounds "5"]
[EventCountry "CAN"]
[SourceTitle "EXT 2011"]
[Source "ChessBase"]
[SourceDate "2010.11.26"]
[SourceVersion "1"]
[SourceVersionDate "2010.11.26"]
[SourceQuality "1"]

1. e4 d6 2. d4 Nf6 3. Nc3 c6 4. f4 Qa5 5. Bd2 Qb6 6. Bc1 e5 7. Nf3 exd4 8. Qxd4 Qxd4 9. Nxd4 Be7 10. Bd3 Nbd7 11. Nf5 g6 12. Nxe7 Kxe7 13. Be2 Kf8 14. 0-0 Nc5 15. Bf3 Bg4 16. b3 Bxf3 17. gxf3 Rg8 18. e5 dxe5 19. fxe5 Nfd7 20. Ba3 Kg7 21. Rad1 Rge8 22. b4 Nxe5 23. bxc5 Nc4 24. Bc1 Ne3 25. Bxe3 Rxe3 26. Rd3 Re5 27. Rb1 Rxc5 28. Rxb7 Re8 29. Ne4 Rxc2 30. Rdd7 1-0

[Event "Winnipeg Shpan Memorial"]
[Site "Winnipeg"]
[Date "2007.12.11"]
[Round "6"]
[White "Hanrahan, Nigel"]
[Black "Oberton, Daniel"]
[Result "0-1"]
[WhiteElo "1723"]
[BlackElo "1978"]
[PlyCount "121"]
[EventDate "2007.11.06"]
[EventType "swiss"]
[EventRounds "6"]
[EventCountry "CAN"]
[SourceTitle "EXT 2022"]
[Source "ChessBase"]
[SourceDate "2021.10.06"]
[SourceVersion "1"]
[SourceVersionDate "2021.10.06"]
[SourceQuality "1"]

1. c4 c5 2. g3 g6 3. Bg2 Bg7 4. Nc3 Nc6 5. Nf3 Rb8 6. a3 a6 7. Rb1 b5 8. cxb5 axb5 9. b4 c4 10. Nd5 e6 11. Nc3 d5 12. a4 bxa4 13. Qxa4 Bd7 14. b5 Ra8 15. bxc6 Rxa4 16. cxd7+ Qxd7 17. Rb8+ Ke7 18. Nxa4 Qxa4 19. Rb7+ Kd6 20. Ng5 Nh6 21. Nxf7+ Nxf7 22. Rxf7 c3 23. 0-0 cxd2 24. Bxd2 Be5 25. Rc1 Rb8 26. Rfc7 Rb1 27. Rxb1 Kxc7 28. Rc1+ Kd7 29. Bh6 Qa2 30. Bf3 Bf6 31. h4 Qb2 32. Rd1 Ke7 33. Bc1 Qc3 34. Be3 d4 35. Rc1 Qa3 36. Bh6 g5 37. Rc7+ Kd8 38. Rxh7 gxh4 39. gxh4 Bxh4 40. Rh8+ Kd7 41. Rh7+ Ke8 42. Bc6+ Kd8 43. Rd7+ Kc8 44. Rh7 Qb4 45. Kg2 Qb1 46. Bb7+ Kd8 47. Rh8+ Ke7 48. Bf8+ Kf7 49. Bf3 Be7 50. Bh5+ Kf6 51. Bxe7+ Kxe7 52. Re8+ Kd7 53. Rh8 Qe4+ 54. Bf3 Qg6+ 55. Kf1 e5 56. Bh5 Qg7 57. Ra8 Qh6 58. Bf3 Qf4 59. Ra7+ Kd6 60. Ra6+ Kc5 61. Ra5+ 0-1

[Event "Winnipeg TNT October op"]
[Site "Winnipeg"]
[Date "2007.10.30"]
[Round "5"]
[White "Oberton, Daniel"]
[Black "Khedkar, Jay S"]
[Result "1-0"]
[WhiteElo "1980"]
[BlackElo "1970"]
[PlyCount "53"]
[EventDate "2007.10.02"]
[EventType "swiss"]
[EventRounds "5"]
[EventCountry "CAN"]
[SourceTitle "EXT 2022"]
[Source "ChessBase"]
[SourceDate "2021.10.06"]
[SourceVersion "1"]
[SourceVersionDate "2021.10.06"]
[SourceQuality "1"]

1. e4 c5 2. Nf3 d6 3. d4 cxd4 4. Nxd4 Nf6 5. Nc3 a6 6. Be2 e6 7. g4 Be7 8. Be3 Nc6 9. g5 Nd7 10. h4 Qa5 11. Qd2 Nc5 12. 0-0-0 Bd7 13. Kb1 b5 14. Nb3 Nxb3 15. cxb3 Rc8 16. Bc5 d5 17. Bxe7 Nxe7 18. exd5 exd5 19. Qe3 Be6 20. Nxd5 Nxd5 21. Rxd5 0-0 22. Rd6 Qc7 23. Rdd1 Rfe8 24. Qf3 Qc2+ 25. Ka1 Bxb3 26. Bd3 Qc7 27. axb3 1-0

[Event "Winnipeg TNT October op"]
[Site "Winnipeg"]
[Date "2007.10.23"]
[Round "4"]
[White "Czypinski, Jaroslaw"]
[Black "Oberton, Daniel"]
[Result "1/2-1/2"]
[WhiteElo "1828"]
[BlackElo "1980"]
[PlyCount "94"]
[EventDate "2007.10.02"]
[EventType "swiss"]
[EventRounds "5"]
[EventCountry "CAN"]
[SourceTitle "EXT 2022"]
[Source "ChessBase"]
[SourceDate "2021.10.06"]
[SourceVersion "1"]
[SourceVersionDate "2021.10.06"]
[SourceQuality "1"]

1. d4 Nf6 2. Nf3 g6 3. Nc3 Bg7 4. e4 d6 5. Be2 0-0 6. h3 Nbd7 7. Be3 e5 8. dxe5 Nxe5 9. Nxe5 dxe5 10. Qxd8 Rxd8 11. Bc4 b6 12. f3 c6 13. Rd1 Bb7 14. Ke2 Nh5 15. Kf2 Kf8 16. Bg5 f6 17. Be3 Ke7 18. Ne2 f5 19. Bg5+ Bf6 20. Bxf6+ Nxf6 21. exf5 gxf5 22. Ng3 Bc8 23. Rxd8 Kxd8 24. Re1 f4 25. Ne4 Nxe4+ 26. Rxe4 Bf5 27. Rxe5 Bxc2 28. Re6 Kc7 29. Rf6 Rd8 30. Rxf4 Rd2+ 31. Ke3 Rxg2 32. Rg4 Rh2 33. Bf1 Bf5 34. Rg7+ Kd6 35. Bg2 Bxh3 36. Bxh3 Rxh3 37. Rxa7 h5 38. Ke4 Rh2 39. b3 h4 40. f4 h3 41. Rh7 Re2+ 42. Kf3 Rxa2 43. Rxh3 Rb2 44. Ke4 Re2+ 45. Kf5 b5 46. Rd3+ Ke7 47. Rc3 Re6 1/2-1/2

[Event "Winnipeg TNT September op"]
[Site "Winnipeg"]
[Date "2007.09.18"]
[Round "3"]
[White "Oberton, Daniel"]
[Black "Kaptsan, Aron"]
[Result "0-1"]
[WhiteElo "2011"]
[BlackElo "2030"]
[PlyCount "58"]
[EventDate "2007.09.04"]
[EventType "swiss"]
[EventRounds "4"]
[EventCountry "CAN"]
[SourceTitle "EXT 2022"]
[Source "ChessBase"]
[SourceDate "2021.10.06"]
[SourceVersion "1"]
[SourceVersionDate "2021.10.06"]
[SourceQuality "1"]

1. e4 e5 2. f4 exf4 3. Nf3 h6 4. d4 g5 5. h4 Bg7 6. Bc4 d6 7. Nc3 Nc6 8. hxg5 hxg5 9. Rxh8 Bxh8 10. d5 Ne5 11. Nxe5 Bxe5 12. Qh5 Qf6 13. Bd2 Qh6 14. Bb5+ Ke7 15. Qf3 a6 16. Be2 Qh1+ 17. Bf1 Nf6 18. 0-0-0 Bg4 19. Qd3 Bxd1 20. Nxd1 Qg1 21. Qc4 Qc5 22. Qb3 Qb6 23. Qc4 Rh8 24. Be1 Ng4 25. Be2 Ne3 26. Nxe3 Qxb2+ 27. Kd2 fxe3+ 28. Kxe3 Qc1+ 29. Kf2 Qf4+ 0-1

[Event "Winnipeg TNT April op"]
[Site "Winnipeg"]
[Date "2007.04.10"]
[Round "2"]
[White "Oberton, Daniel"]
[Black "Pottinger, Carl"]
[Result "1-0"]
[WhiteElo "2009"]
[BlackElo "1806"]
[PlyCount "107"]
[EventDate "2007.04.03"]
[EventType "swiss"]
[EventRounds "4"]
[EventCountry "CAN"]
[SourceTitle "EXT 2019"]
[Source "ChessBase"]
[SourceDate "2018.10.10"]
[SourceVersion "1"]
[SourceVersionDate "2018.10.10"]
[SourceQuality "1"]

1. e4 c5 2. Nf3 d6 3. d4 cxd4 4. Nxd4 Nf6 5. Nc3 g6 6. Be3 Bg7 7. f3 0-0 8. Qd2 Nc6 9. g4 Be6 10. Nxe6 fxe6 11. Bc4 Qc8 12. 0-0-0 Ne5 13. Be2 Nc4 14. Bxc4 Qxc4 15. h4 b5 16. Kb1 b4 17. Ne2 e5 18. Ng3 a5 19. h5 a4 20. hxg6 hxg6 21. Bh6 Rfc8 22. Rdg1 a3 23. b3 Qc3 24. Qxc3 Rxc3 25. Bd2 Rxf3 26. g5 Nh7 27. Nf1 Rb8 28. Ne3 e6 29. Nc4 d5 30. exd5 exd5 31. Na5 Rf2 32. Be1 Re2 33. Nc6 Rb7 34. Bxb4 Bf8 35. Bxf8 Nxf8 36. Re1 Rxe1+ 37. Rxe1 e4 38. c4 dxc4 39. Na5 Re7 40. Nxc4 Nh7 41. Kc2 Kf7 42. Nd6+ Kg7 43. Rxe4 Rd7 44. Rd4 Re7 45. Ne4 Re5 46. b4 Nxg5 47. Nxg5 Rxg5 48. Kb3 Rg3+ 49. Ka4 Kf6 50. b5 Ke5 51. Rb4 g5 52. b6 Rh3 53. b7 Rh8 54. b8Q+ 1-0

[Event "Snow Flurries and Pawn Storms op"]
[Site "Winnipeg"]
[Date "2006.11.25"]
[Round "3"]
[White "Wiebe, Daniel"]
[Black "Oberton, Daniel"]
[Result "0-1"]
[WhiteElo "1526"]
[BlackElo "1878"]
[PlyCount "52"]
[EventDate "2006.11.24"]
[EventType "swiss"]
[EventRounds "4"]
[EventCountry "CAN"]
[SourceTitle "EXT 2019"]
[Source "ChessBase"]
[SourceDate "2018.10.10"]
[SourceVersion "1"]
[SourceVersionDate "2018.10.10"]
[SourceQuality "1"]

1. e4 c5 2. Nf3 d6 3. d4 cxd4 4. Nxd4 Nf6 5. Nc3 g6 6. f3 Bg7 7. Be3 Nc6 8. Qd2 0-0 9. Nxc6 bxc6 10. Bh6 Be6 11. Bxg7 Kxg7 12. h4 Rb8 13. 0-0-0 Qa5 14. a3 Rb7 15. h5 Rfb8 16. hxg6 fxg6 17. e5 dxe5 18. Qh6+ Kg8 19. Ne4 Bd5 20. Nxf6+ exf6 21. c4 Be6 22. Be2 Qa4 23. Rd6 Qb3 24. Rxe6 Qxb2+ 25. Kd1 Qd4+ 26. Ke1 Rb1+ 0-1

[Event "Snow Flurries and Pawn Storms op"]
[Site "Winnipeg"]
[Date "2006.11.24"]
[Round "1"]
[White "Gibbons, Lorne"]
[Black "Oberton, Daniel"]
[Result "0-1"]
[WhiteElo "1275"]
[BlackElo "1878"]
[PlyCount "40"]
[EventDate "2006.11.24"]
[EventType "swiss"]
[EventRounds "4"]
[EventCountry "CAN"]
[SourceTitle "EXT 2019"]
[Source "ChessBase"]
[SourceDate "2018.10.10"]
[SourceVersion "1"]
[SourceVersionDate "2018.10.10"]
[SourceQuality "1"]

1. d4 Nf6 2. c4 g6 3. Nc3 Bg7 4. f4 0-0 5. e4 d6 6. Nf3 c5 7. d5 e6 8. Be3 exd5 9. cxd5 Re8 10. Bd3 Ng4 11. Qe2 Nxe3 12. Qxe3 b6 13. h3 Ba6 14. Kd2 Bxd3 15. Qxd3 Nd7 16. Rae1 a6 17. a4 Qc7 18. b3 b5 19. axb5 Bxc3+ 20. Kxc3 Qa5+ 0-1

[Event "Winnipeg ThankGibbons op-A"]
[Site "Winnipeg"]
[Date "2006.10.22"]
[Round "4"]
[White "Zaczek, Jonathon"]
[Black "Oberton, Daniel"]
[Result "1-0"]
[WhiteElo "2073"]
[BlackElo "1866"]
[PlyCount "103"]
[EventDate "2006.10.20"]
[EventType "tourn"]
[EventRounds "5"]
[EventCountry "CAN"]
[SourceTitle "EXT 2019"]
[Source "ChessBase"]
[SourceDate "2018.10.10"]
[SourceVersion "1"]
[SourceVersionDate "2018.10.10"]
[SourceQuality "1"]

1. e4 c5 2. Nf3 d6 3. c3 Nf6 4. Bd3 g6 5. Bc2 Bg7 6. h3 0-0 7. 0-0 d5 8. e5 Nfd7 9. d4 cxd4 10. cxd4 Nc6 11. Nc3 e6 12. Bg5 f6 13. exf6 Nxf6 14. Re1 h6 15. Bc1 g5 16. Ne5 Nxe5 17. dxe5 Nd7 18. Nxd5 Nxe5 19. Ne3 Qf6 20. Qe2 Bd7 21. Ng4 Nxg4 22. hxg4 Kh8 23. Be3 Qf7 24. Rad1 Bc6 25. Bb3 Bd5 26. Bxd5 exd5 27. Bd4 Bxd4 28. Rxd4 Rae8 29. Qd2 Rxe1+ 30. Qxe1 Re8 31. Qd2 Re5 32. f4 gxf4 33. Rxf4 Qe7 34. Rf5 Re6 35. Rxd5 Qh4 36. Rd8+ Kg7 37. Qd4+ Kf7 38. Qf4+ Kg7 39. Qf8+ Kg6 40. Qf5+ Kg7 41. Rd7+ Re7 42. Qe5+ Kf7 43. Qxe7+ Qxe7 44. Rxe7+ Kxe7 45. Kf2 Kf6 46. Kf3 Ke5 47. Ke3 Ke6 48. Ke4 Kf6 49. Kf4 Kg6 50. Kg3 Kg5 51. Kh3 Kg6 52. Kh4 1-0

[Event "Winnipeg TNT September op"]
[Site "Winnipeg"]
[Date "2006.09.26"]
[Round "4"]
[White "Oberton, Daniel"]
[Black "Babb, Jeff"]
[Result "0-1"]
[WhiteElo "1816"]
[BlackElo "2131"]
[PlyCount "60"]
[EventDate "2006.09.26"]
[EventType "swiss"]
[EventRounds "4"]
[EventCountry "CAN"]
[SourceTitle "EXT 2019"]
[Source "ChessBase"]
[SourceDate "2018.10.10"]
[SourceVersion "1"]
[SourceVersionDate "2018.10.10"]
[SourceQuality "1"]

1. e4 d6 2. d4 Nf6 3. Nc3 g6 4. Be2 Bg7 5. g4 c5 6. Be3 cxd4 7. Bxd4 Nc6 8. Be3 h5 9. gxh5 Nxh5 10. Qd2 Nf6 11. Bf4 Qb6 12. Na4 Qb4 13. Qxb4 Nxb4 14. Bd3 Bd7 15. Nc3 Bc6 16. a3 Nxd3+ 17. cxd3 d5 18. f3 dxe4 19. fxe4 Nh5 20. Nge2 0-0-0 21. 0-0-0 Nxf4 22. Nxf4 Bh6 23. Rhf1 e5 24. Nce2 exf4 25. Nxf4 Bg5 26. Kc2 Rxh2+ 27. Kc3 Bf6+ 28. d4 Bxe4 29. Ne6 Rh3+ 30. Kb4 Be7+ 0-1